| 000 | 00618nam a22001937a 4500 | ||
|---|---|---|---|
| 999 |
_c526256 _d526256 |
||
| 003 | NUST | ||
| 005 | 20190710054454.0 | ||
| 008 | 190710b ||||| |||| 00| 0 eng d | ||
| 020 | _qHardcover. | ||
| 038 | _aMr. Zahoor | ||
| 082 | _a510 | ||
| 100 |
_aTassaddiq, Asifa _916988 |
||
| 245 |
_aSome Representation of the Extended of the Extended Fermi - Dirac and Bose - Einstein Funtions with Applications / _cAsifa Tassaddiq |
||
| 260 |
_aIslamabad : _bCAMP - NUST, _c2012. |
||
| 300 |
_aix, 122 p. ; _c30cm. |
||
| 650 |
_aMathematics - PhD Thesis _916989 |
||
| 700 |
_aProf. Asghar Qadir _916164 |
||
| 942 |
_2ddc _cTHE |
||